Diagnóstico y evaluación de grupos productivos femeninos para determinar pautas de rentabilidad social y económica que permitan su conversión en empresas /

Shranjeno v:
Bibliografske podrobnosti
Glavni avtor: Ramírez Boza, Mario A.
Drugi avtorji: León, Carmen Violeta, McHugh Brown, Agustín Antonio
Format: Texto
Serija:Serie Informes Finales de Investigación IIS
Oznake: Označite
Brez oznak, prvi označite!

MARC

LEADER 00000 a a2200000 04500
001 43073
003
040
100 |a Ramírez Boza, Mario A.  
245 |a Diagnóstico y evaluación de grupos productivos femeninos para determinar pautas de rentabilidad social y económica que permitan su conversión en empresas /  |c Mario A. Ramírez Boza ; Carmen Violeta León ; Antonio McHugh Brown  
440 |a Serie Informes Finales de Investigación IIS  
700 |a León, Carmen Violeta  
700 |a McHugh Brown, Agustín Antonio  
773 |g (1986), 40 páginas : tablas  
999 |c 22509  |d 22509